| 000 | 01196cam a2200133 4500500 | ||
|---|---|---|---|
| 005 | 20251214002840.0 | ||
| 041 | _afre | ||
| 042 | _adc | ||
| 100 | 1 | 0 |
_aSoumet, Hélène _eauthor |
| 245 | 0 | 0 | _aMa dose quotidienne de philo : 365 notions de philo |
| 260 |
_bArmand Colin,
_c2021. |
||
| 520 | _aLa collection « Ma dose quotidienne » vous embarque pour un tour du monde de la philosophie en 365 jours ! Au fil des pages, retrouvez les idées clés et les personnages connus ou anonymes les plus marquants.Pouvez-vous prouver que votre réalité n’est pas un rêve ? d’où vient l’expression « avoir des atomes crochus » ? Machiavel était-il vraiment machiavélique ? quelle place ont occupé les femmes philosophes ? Des présocratiques aux contemporains, en passant par la Chine et l’Inde, Hélène Soumet vous racontera comment les philosophes ont perçu et compris le monde à travers les époques.Ponctué d’anecdotes ou de citations édifiantes, ce livre est à dévorer d’une seule traite ou à picorer en fonction de vos envies ! | ||
| 856 | 4 | 1 | _uhttps://shs.cairn.info/ma-dose-quotidienne-de-philo--9782200627317?lang=fr&redirect-ssocas=7080 |
| 999 |
_c1567545 _d1567545 |
||